Statistics for Disney Songs That Hit the Billboard Hot 100

Click here to take the quiz!

General Stats

  • This quiz has been taken 15 times
  • The average score is 14 of 101

Answer Stats

#SongFilm / Show% Correct
5Let It GoFrozen (2013)
92%
1We Don't Talk About BrunoEncanto (2021)
92%
1A Whole New WorldAladdin (1992)
77%
9Beauty and the BeastBeauty and the Beast (1991)
77%
4Can You Feel the Love TonightThe Lion King (1994)
77%
18Circle of LifeThe Lion King (1994)
77%
4Colors of the WindPocahontas (1995)
77%
7Life Is a HighwayCars (2006)
69%
41How Far I'll GoMoana (2016)
54%
20The Family MadrigalEncanto (2021)
54%
46Into the UnknownFrozen II (2019)
46%
34We're All in This TogetherHigh School Musical (2006)
46%
24Go the DistanceHercules (1997)
38%
92The Best of Both WorldsHannah Montana (2006)
38%
63Try EverythingZootopia (2016)
38%
38Rotten to the CoreDescendants (2015)
31%
61What's My NameDescendants 2 (2017)
31%
65You're WelcomeMoana (2016)
31%
4Breaking FreeHigh School Musical (2006)
23%
57For the First Time in ForeverFrozen (2013)
23%
72ImmortalsBig Hero 6 (2014)
23%
10Just Like FireAlice Through the Looking Glass (2016)
23%
21You'll Be in My HeartTarzan (1999)
23%
71AliceAlice in Wonderland (2010)
15%
51Do You Want to Build a Snowman?Frozen (2013)
15%
58Little WondersMeet the Robinsons (2007)
15%
49Love Is an Open DoorFrozen (2013)
15%
66SupercalifragilisticexpialidociousMary Poppins (1964)
15%
4The ClimbHannah Montana: The Movie (2009)
15%
41This Is HalloweenThe Nightmare Before Christmas (1993)
15%
33We RockCamp Rock (2008)
15%
56Butterfly Fly AwayHannah Montana: The Movie (2009)
8%
95Chillin' Like a VillainDescendants 2 (2017)
8%
51DeterminateLemonade Mouth (2011)
8%
76FabulousHigh School Musical 2 (2007)
8%
18Hoedown ThrowdownHannah Montana: The Movie (2009)
8%
94If OnlyDescendants (2015)
8%
77It's Goin' DownDescendants 2 (2017)
8%
61MagicWizards of Waverly Place (2009)
8%
49Nobody Like UTurning Red (2022)
8%
27Nobody's PerfectHannah Montana (2007)
8%
14Push It to the LimitJump In! (2007)
8%
49Queen of MeanDescendants 3 (2019)
8%
81Rock StarHannah Montana (2007)
8%
20Send It OnDisney's Friends for Change (2009)
8%
70Show YourselfFrozen II (2019)
8%
30SomedayThe Hunchback of Notre Dame (1996)
8%
28Start of Something NewHigh School Musical (2006)
8%
8Surface PressureEncanto (2021)
8%
9This Is MeCamp Rock (2008)
8%
31You Are the Music in MeHigh School Musical 2 (2007)
8%
92All for OneHigh School Musical 2 (2007)
0%
90All I WantHigh School Musical: The Musical: The Series (2019)
0%
46Bet on ItHigh School Musical 2 (2007)
0%
62Bop to the TopHigh School Musical (2006)
0%
88BreakthroughLemonade Mouth (2011)
0%
98Can I Have This DanceHigh School Musical 3: Senior Year (2008)
0%
17CrazierHannah Montana: The Movie (2009)
0%
82Cruisin' for a Bruisin'Teen Beach Movie (2013)
0%
36Dos OruguitasEncanto (2021)
0%
65EverydayHigh School Musical 2 (2007)
0%
89Follow Me DownAlice in Wonderland (2010)
0%
23Get'cha Head in the GameHigh School Musical (2006)
0%
66Gonna Get ThisHannah Montana (2010)
0%
30Gotta Find YouCamp Rock (2008)
0%
34Gotta Go My Own WayHigh School Musical 2 (2007)
0%
10He Could Be the OneHannah Montana (2009)
0%
87Ice Cream Freeze (Let's Chill)Hannah Montana (2009)
0%
70I Don't DanceHigh School Musical 2 (2007)
0%
47If We Were a MovieHannah Montana (2006)
0%
67I Got NerveHannah Montana (2006)
0%
92Introducing MeCamp Rock 2: The Final Jam (2010)
0%
74I Wanna Know YouHannah Montana (2009)
0%
54Jump to the RhythmJump In! (2007)
0%
99Just Like YouHannah Montana (2006)
0%
57Let's Get CrazyHannah Montana: The Movie (2009)
0%
8Let's Get TogetherThe Parent Trap (1961)
0%
25Life's What You Make ItHannah Montana (2007)
0%
84Make a WaveOceans (2009)
0%
92Make Some NoiseHannah Montana (2007)
0%
84Night FallsDescendants 3 (2019)
0%
68Now or NeverHigh School Musical 3: Senior Year (2008)
0%
82One and the SamePrincess Protection Program (2009)
0%
91Ordinary GirlHannah Montana (2010)
0%
20Play My MusicCamp Rock (2008)
0%
81Pumpin' Up the PartyHannah Montana (2006)
0%
89SomebodyLemonade Mouth (2011)
0%
98SpiritThe Lion King (2019)
0%
43Stick to the Status QuoHigh School Musical (2006)
0%
53StrutThe Cheetah Girls 2 (2006)
0%
85The Party's Just BegunThe Cheetah Girls 2 (2006)
0%
83This Is the LifeHannah Montana (2006)
0%
99True FriendHannah Montana (2007)
0%
97TTYLXOXShake It Up (2012)
0%
86Watch MeShake It Up (2011)
0%
93We Know the WayMoana (2016)
0%
35What I've Been Looking ForHigh School Musical (2006)
0%
6What Time Is It?High School Musical 2 (2007)
0%
72When There Was Me and YouHigh School Musical (2006)
0%
83Who SaidHannah Montana (2006)
0%
81You'll Always Find Your Way Back HomeHannah Montana: The Movie (2009)
0%

Score Distribution

Percentile by Number Answered

Percent of People with Each Score

Your Score History

You have not taken this quiz